00358nam a2200133Ia 4500008004100000082001600041100001600057245004300073250000600116260000900122300000700131630004300138730004300181100122s9999 xx 000 0 und d b76696aB823 aLEONG SUZEE aTHE LION & THE MOUSE/ THE THIRSTY CROW a1 c2006 a32 aTHE LION & THE MOUSE/ THE THIRSTY CROW aTHE LION & THE MOUSE/ THE THIRSTY CROW